| 000 | 00744na a2200241 4500 | ||
|---|---|---|---|
| 001 | 24477 | ||
| 003 | MIRAKIL | ||
| 005 | 20181213155247.0 | ||
| 008 | 181116b tu 000 0 | ||
| 020 | _a9789944610773 | ||
| 040 |
_aMilas _btur _cTR-AnCHP |
||
| 041 | _atur | ||
| 082 |
_aCHP 320.9561 _bF46c 2014 |
||
| 090 | _aCHP 320.9561 F46c 2014 | ||
| 100 | _aFırat, Ali Haydar | ||
| 245 |
_aCHP ve AKP ekseninde Türkiye'nin siyaseti _cAli Haydar Fırat |
||
| 260 |
_aİstanbul _bTekin Yayınevi _c2014 |
||
| 300 |
_a206 s. _c19 sm. |
||
| 610 |
_aCumhuriyet Halk Partisi (CHP) _xPropaganda ve ideolojiler |
||
| 650 |
_aSiyaset ve yönetim _xTürkiye |
||
| 650 |
_aSiyasal partiler _xCumhuriyet Halk Partisi _zTürkiye |
||
| 942 |
_2dcc _cBKS |
||
| 999 |
_c9471 _d9471 |
||